[Event "SLO-chT2 East"]
[Site "Velenje"]
[Date "2005.10.13"]
[Round "5"]
[White "Nikl, Gregor"]
[Black "Urnaut, Franjo"]
[Result "1-0"]
[WhiteElo "1658"]
[BlackElo "1988"]
[PlyCount "55"]
[EventDate "2005.05.27"]
[EventType "team-tourn"]
[EventRounds "9"]
[EventCountry "SLO"]
[SourceTitle "EXT 2009"]
[Source "ChessBase"]
[SourceDate "2008.11.26"]
[SourceVersion "1"]
[SourceVersionDate "2008.11.26"]
[SourceQuality "1"]

1. d4 Nf6 2. c4 c6 3. Nc3 d5 4. a4 Bf5 5. Nf3 e6 6. Bg5 Bb4 7. Qb3 Qb6 8. Bxf6 gxf6 9. e3 Rg8 10. Nd2 a5 11. g3 c5 12. dxc5 Qxc5 13. cxd5 Bxc3 14. bxc3 Qxd5 15. Qxd5 exd5 16. Bg2 Be6 17. Rb1 Ra7 18. Rb5 Bd7 19. Rxd5 Bxa4 20. 0-0 Rg5 21. Ne4 Rxd5 22. Nxf6+ Kf8 23. Bxd5 Kg7 24. Ne4 Bc6 25. c4 a4 26. Nc3 a3 27. Ra1 Ra5 28. e4 1-0